[Event "AUT-chT2M 2324"]
[Site "Austria"]
[Date "2023.12.03"]
[Round "5.2"]
[White "Frosch, Ronald"]
[Black "Ruck, Robert"]
[Result "0-1"]
[WhiteElo "2220"]
[BlackElo "2534"]
[PlyCount "46"]
[EventDate "2023.11.03"]
[EventType "team-tourn"]
[EventRounds "11"]
[EventCountry "AUT"]
[SourceTitle "CB16_2024"]
[SourceDate "2024.04.17"]
[SourceVersion "1"]
[SourceVersionDate "2024.04.17"]
[SourceQuality "1"]
[WhiteTeam "Gamlitz"]
[BlackTeam "Fuerstenfeld/Hartberg"]
[WhiteTeamCountry "AUT"]
[BlackTeamCountry "AUT"]

1. d4 Nf6 2. Bf4 g6 3. Nf3 Bg7 4. e3 0-0 5. Be2 c5 6. 0-0 Qb6 7. Nbd2 d5 8. dxc5 Qxb2 9. Nd4 Nc6 10. Rb1 Qxa2 11. Ra1 Qb2 12. Rb1 Qa3 13. Nb5 Qa5 14. Bc7 Qa4 15. Ra1 Qh4 16. Bf4 Ne4 17. Nf3 Qf6 18. Qxd5 Qf5 19. Qxf5 Bxf5 20. Nfd4 Nxc5 21. Bf3 e5 22. Nxc6 bxc6 23. Bxc6 exf4 0-1

[Event "AUT-chT2M 2324"]
[Site "Austria"]
[Date "2023.11.04"]
[Round "2.4"]
[White "Singer, Christoph"]
[Black "Frosch, Ronald"]
[Result "1-0"]
[WhiteElo "2303"]
[BlackElo "2220"]
[PlyCount "93"]
[EventDate "2023.11.03"]
[EventType "team-tourn"]
[EventRounds "11"]
[EventCountry "AUT"]
[SourceTitle "CB46_2023"]
[SourceDate "2023.11.15"]
[SourceVersion "1"]
[SourceVersionDate "2023.11.15"]
[SourceQuality "1"]
[WhiteTeam "Grieskirchen"]
[BlackTeam "Gamlitz"]
[WhiteTeamCountry "AUT"]
[BlackTeamCountry "AUT"]

1. e4 c6 2. d4 d5 3. exd5 cxd5 4. Bd3 Nc6 5. c3 Nf6 6. Bf4 Bg4 7. Qb3 Qd7 8. Nd2 e6 9. Ngf3 Bd6 10. Bxd6 Qxd6 11. 0-0 0-0 12. Rfe1 Bxf3 13. Nxf3 Qc7 14. Qc2 Rab8 15. Qe2 a6 16. g3 b5 17. a3 Rfc8 18. a4 Qb6 19. axb5 axb5 20. b4 Rc7 21. Ra3 Ne7 22. Ne5 Nc8 23. Rea1 Qb7 24. f3 Nd6 25. Ra6 Nfe8 26. Qc2 g6 27. Qd2 Rbc8 28. R6a3 f6 29. Ng4 Qc6 30. Qf4 Nf5 31. h4 Qd7 32. Ra5 Qg7 33. Bxb5 h5 34. Bxe8 hxg4 35. fxg4 Nxg3 36. Qxg3 Rxe8 37. b5 Rec8 38. Ra8 Qd7 39. b6 Rb7 40. Qd3 Kg7 41. h5 f5 42. R8a7 Rcb8 43. Qg3 Qf7 44. Qe5+ Kg8 45. Rxb7 Qxb7 46. Ra7 Qxb6 47. Qg7# 1-0

[Event "AUT-ch"]
[Site "Vienna"]
[Date "2023.07.27"]
[Round "6"]
[White "Frosch, Ronald"]
[Black "Berger, Tobias"]
[Result "1-0"]
[WhiteElo "2207"]
[BlackElo "2017"]
[PlyCount "57"]
[EventDate "2023.07.22"]
[EventType "swiss"]
[EventRounds "9"]
[EventCountry "AUT"]
[SourceTitle "CBM 215 Extra"]
[Source "ChessBase"]
[SourceDate "2023.09.30"]
[SourceVersion "1"]
[SourceVersionDate "2023.09.30"]
[SourceQuality "1"]

1. d4 Nf6 2. Bf4 d5 3. e3 c5 4. Nf3 Nc6 5. Nbd2 Qb6 6. dxc5 Qxb2 7. Rb1 Qc3 8. Bb5 a6 9. Bxc6+ bxc6 10. 0-0 Nd7 11. e4 e6 12. Re1 Bxc5 13. exd5 cxd5 14. Ne5 Bxf2+ 15. Kxf2 Qd4+ 16. Kf3 g5 17. Bg3 h5 18. Nb3 g4+ 19. Ke2 Qe4+ 20. Kf1 Qf5+ 21. Kg1 h4 22. Rf1 Qh5 23. Nxd7 Bxd7 24. Bd6 f5 25. Nc5 Rh6 26. Rb7 Rd8 27. Re1 g3 28. Qxh5+ Rxh5 29. Nxe6 1-0

[Event "AUT-ch"]
[Site "Vienna"]
[Date "2023.07.25"]
[Round "4"]
[White "Frosch, Ronald"]
[Black "Jaiveer, Mahendru"]
[Result "1-0"]
[WhiteElo "2207"]
[BlackElo "2004"]
[PlyCount "37"]
[EventDate "2023.07.22"]
[EventType "swiss"]
[EventRounds "9"]
[EventCountry "AUT"]
[SourceTitle "CBM 215 Extra"]
[Source "ChessBase"]
[SourceDate "2023.09.30"]
[SourceVersion "1"]
[SourceVersionDate "2023.09.30"]
[SourceQuality "1"]

1. d4 Nf6 2. c4 b6 3. Nc3 Bb7 4. Qc2 d5 5. cxd5 Nxd5 6. e4 Nxc3 7. bxc3 e6 8. Nf3 Be7 9. Bf4 Nd7 10. Bd3 0-0 11. 0-0 h6 12. Rad1 Nf6 13. Rfe1 Qc8 14. Qd2 Rd8 15. Bxh6 gxh6 16. Qxh6 e5 17. Ng5 Qg4 18. Bc4 Rf8 19. Be2 1-0

[Event "AUT-ch"]
[Site "Vienna"]
[Date "2023.07.24"]
[Round "3"]
[White "Schwabeneder, Florian"]
[Black "Frosch, Ronald"]
[Result "1-0"]
[WhiteElo "2389"]
[BlackElo "2207"]
[PlyCount "79"]
[EventDate "2023.07.22"]
[EventType "swiss"]
[EventRounds "9"]
[EventCountry "AUT"]
[SourceTitle "CBM 215 Extra"]
[Source "ChessBase"]
[SourceDate "2023.09.30"]
[SourceVersion "1"]
[SourceVersionDate "2023.09.30"]
[SourceQuality "1"]

1. e4 c6 2. d4 d5 3. Nc3 dxe4 4. Nxe4 Nf6 5. Nxf6+ exf6 6. Be3 Bd6 7. Bd3 0-0 8. Ne2 Re8 9. 0-0 Nd7 10. c4 Nf8 11. Ng3 g6 12. Ne4 Be7 13. Nc3 f5 14. d5 Nd7 15. Be2 Nf6 16. Bf3 cxd5 17. Nxd5 Nxd5 18. Bxd5 Qc7 19. Qf3 Bd6 20. g3 Be5 21. Rfd1 Be6 22. Rd2 Bxd5 23. cxd5 b6 24. Rad1 Rad8 25. Bg5 f6 26. d6 Qf7 27. Be3 Rd7 28. Qc6 g5 29. f4 Bxb2 30. Bxb6 Ba3 31. Bf2 Bb4 32. Rd5 Red8 33. R1d4 a5 34. fxg5 fxg5 35. Qb5 Rb7 36. Qd3 Rf8 37. d7 Rd8 38. Rxf5 Qxa2 39. Rxg5+ Kh8 40. Qxh7+ 1-0

[Event "AUT-chT2M 2223"]
[Site "Austria"]
[Date "2023.04.15"]
[Round "11.4"]
[White "Theuretzbacher, Klaus"]
[Black "Frosch, Ronald"]
[Result "1/2-1/2"]
[WhiteElo "2124"]
[BlackElo "2231"]
[PlyCount "61"]
[EventDate "2022.09.30"]
[EventType "team-tourn"]
[EventRounds "11"]
[EventCountry "AUT"]
[SourceTitle "EXT 2024"]
[Source "ChessBase"]
[SourceDate "2023.10.10"]
[SourceVersion "1"]
[SourceVersionDate "2023.10.10"]
[SourceQuality "1"]
[WhiteTeam "St Valentin"]
[BlackTeam "Gleisdorf"]
[WhiteTeamCountry "AUT"]
[BlackTeamCountry "AUT"]

1. Nf3 d5 2. c4 e6 3. e3 Nf6 4. b3 c5 5. Bb2 Nc6 6. cxd5 exd5 7. d3 Bd6 8. Be2 0-0 9. Nbd2 Bf5 10. a3 Re8 11. 0-0 Qe7 12. Re1 Rad8 13. Bf1 h6 14. d4 b6 15. Rc1 Nb8 16. Bb5 Nbd7 17. a4 Ne4 18. Nf1 Qe6 19. Ba1 Bg4 20. Be2 Ndf6 21. h3 Bxh3 22. gxh3 Qxh3 23. Ne5 Nxf2 24. Kxf2 Ne4+ 25. Kg1 Bxe5 26. dxe5 Re6 27. Bh5 Ng3 28. Nxg3 Qxg3+ 29. Kf1 Qh3+ 30. Kg1 Qg3+ 31. Kf1 1/2-1/2

[Event "AUT-chT2M 2223"]
[Site "Austria"]
[Date "2023.04.14"]
[Round "10.4"]
[White "Frosch, Ronald"]
[Black "Knoll, Hermann"]
[Result "1-0"]
[WhiteElo "2231"]
[BlackElo "2296"]
[PlyCount "89"]
[EventDate "2022.09.30"]
[EventType "team-tourn"]
[EventRounds "11"]
[EventCountry "AUT"]
[SourceTitle "EXT 2024"]
[Source "ChessBase"]
[SourceDate "2023.10.10"]
[SourceVersion "1"]
[SourceVersionDate "2023.10.10"]
[SourceQuality "1"]
[WhiteTeam "Gleisdorf"]
[BlackTeam "Ansfelden Union"]
[WhiteTeamCountry "AUT"]
[BlackTeamCountry "AUT"]

1. d4 Nf6 2. Nf3 g6 3. Bf4 Bg7 4. e3 0-0 5. Be2 d6 6. h3 b6 7. 0-0 c5 8. c4 Bb7 9. Bh2 Nc6 10. d5 Na5 11. Nc3 a6 12. e4 Nd7 13. Qc2 b5 14. cxb5 c4 15. bxa6 Bxa6 16. Rfc1 Qb6 17. Bf4 Rab8 18. Rab1 Rfc8 19. Be3 Qb4 20. Qd2 Nc5 21. Bxc5 Qxc5 22. e5 dxe5 23. Ne4 Qb6 24. b4 cxb3 25. Rxc8+ Bxc8 26. axb3 f5 27. Ng3 e4 28. Ng5 Bd4 29. Qf4 h6 30. Ne6 Bxe6 31. dxe6 Kg7 32. h4 Rf8 33. h5 Qxe6 34. hxg6 Be5 35. Nh5+ Kxg6 36. Qh4 Kh7 37. Rc1 Rg8 38. b4 Nb3 39. Bc4 Rxg2+ 40. Kxg2 Qg6+ 41. Kf1 Nxc1 42. Qxe7+ Bg7 43. Qxg7+ Qxg7 44. Nxg7 Kxg7 45. b5 1-0

[Event "AUT-chT2M 2223"]
[Site "Austria"]
[Date "2022.10.21"]
[Round "4.2"]
[White "Antoniewski, Rafal"]
[Black "Frosch, Ronald"]
[Result "1-0"]
[WhiteElo "2471"]
[BlackElo "2231"]
[PlyCount "39"]
[EventDate "2022.09.30"]
[EventType "team-tourn"]
[EventRounds "11"]
[EventCountry "AUT"]
[SourceTitle "EXT 2024"]
[Source "ChessBase"]
[SourceDate "2023.10.10"]
[SourceVersion "1"]
[SourceVersionDate "2023.10.10"]
[SourceQuality "1"]
[WhiteTeam "St Veit/Glan"]
[BlackTeam "Gleisdorf"]
[WhiteTeamCountry "AUT"]
[BlackTeamCountry "AUT"]

1. d4 d5 2. c4 c6 3. Nf3 Nf6 4. Nbd2 Bf5 5. Nh4 Bg6 6. Qb3 Qb6 7. Qh3 Nbd7 8. Nxg6 fxg6 9. e3 c5 10. dxc5 Nxc5 11. cxd5 Nxd5 12. Bc4 e6 13. 0-0 Be7 14. b4 Na4 15. e4 Bf6 16. exd5 Bxa1 17. Bb3 0-0 18. dxe6 Rfc8 19. e7+ Kh8 20. Bxa4 1-0

[Event "AUT-chT2M 2223"]
[Site "Austria"]
[Date "2022.10.02"]
[Round "3.4"]
[White "Frosch, Ronald"]
[Black "Enoeckl, Philipp"]
[Result "1/2-1/2"]
[WhiteElo "2231"]
[BlackElo "2292"]
[PlyCount "66"]
[EventDate "2022.09.30"]
[EventType "team-tourn"]
[EventRounds "11"]
[EventCountry "AUT"]
[SourceTitle "CBM 210 Extra"]
[Source "ChessBase"]
[SourceDate "2022.11.30"]
[SourceVersion "1"]
[SourceVersionDate "2022.11.30"]
[SourceQuality "1"]
[WhiteTeam "Gleisdorf"]
[BlackTeam "Steyregg"]
[WhiteTeamCountry "AUT"]
[BlackTeamCountry "AUT"]

1. d4 g6 2. Bf4 Bg7 3. Nc3 d6 4. Qd2 Nd7 5. e4 a6 6. f3 c5 7. d5 b5 8. a4 b4 9. Nd1 Ne5 10. Ne3 Nf6 11. Bxe5 dxe5 12. g4 0-0 13. h4 h5 14. Qg2 c4 15. g5 Ne8 16. Bxc4 Nd6 17. Bd3 Qb6 18. Qd2 a5 19. Ne2 f5 20. 0-0-0 Bd7 21. b3 Rac8 22. Kb1 fxe4 23. fxe4 Rf4 24. Nc4 Nxc4 25. Bxc4 Rxc4 26. Nxf4 Rd4 27. Nd3 Rxe4 28. Qf2 Rd4 29. Nc1 e4 30. Rxd4 Bxd4 31. Qe2 Bg7 32. Qxe4 Bf5 33. Qc4 Qe3 1/2-1/2

[Event "AUT-chT2M 2223"]
[Site "Austria"]
[Date "2022.10.01"]
[Round "2.4"]
[White "Tscharnuter, Noah"]
[Black "Frosch, Ronald"]
[Result "1/2-1/2"]
[WhiteElo "1968"]
[BlackElo "2231"]
[PlyCount "65"]
[EventDate "2022.09.30"]
[EventType "team-tourn"]
[EventRounds "11"]
[EventCountry "AUT"]
[SourceTitle "CBM 210 Extra"]
[Source "ChessBase"]
[SourceDate "2022.11.30"]
[SourceVersion "1"]
[SourceVersionDate "2022.11.30"]
[SourceQuality "1"]
[WhiteTeam "Raika Feffernitz II"]
[BlackTeam "Gleisdorf"]
[WhiteTeamCountry "AUT"]
[BlackTeamCountry "AUT"]

1. e4 c6 2. d4 d5 3. Nd2 dxe4 4. Nxe4 Bf5 5. Ng3 Bg6 6. h4 h6 7. Nh3 e6 8. Nf4 Bh7 9. Bc4 Nf6 10. c3 Bd6 11. Ngh5 0-0 12. g4 e5 13. g5 Nxh5 14. Nxh5 Bf5 15. gxh6 g6 16. Ng3 Qc8 17. h5 Kh7 18. Be3 e4 19. Qb3 Qc7 20. Nxf5 gxf5 21. 0-0-0 f4 22. Bd2 b5 23. Bf1 Nd7 24. Bh3 Nf6 25. Qc2 Kxh6 26. Bf5 Qe7 27. Kb1 Rae8 28. Rde1 Rg8 29. Qc1 Qc7 30. Rhg1 Rg5 31. Rxg5 Kxg5 32. Bh3 Nd5 33. c4 1/2-1/2

[Event "AUT-chT2M 2122"]
[Site "Austria"]
[Date "2021.10.03"]
[Round "3.2"]
[White "Alekseenko, Kirill"]
[Black "Frosch, Ronald"]
[Result "1-0"]
[WhiteElo "2710"]
[BlackElo "2263"]
[PlyCount "53"]
[EventDate "2021.10.01"]
[EventType "team-tourn"]
[EventRounds "11"]
[EventCountry "AUT"]
[SourceTitle "CBM 204 Extra"]
[Source "ChessBase"]
[SourceDate "2021.11.30"]
[SourceVersion "1"]
[SourceVersionDate "2021.11.30"]
[SourceQuality "1"]
[WhiteTeam "Linz ASV"]
[BlackTeam "Gleisdorf"]
[WhiteTeamCountry "AUT"]
[BlackTeamCountry "AUT"]

1. e4 c6 2. d4 d5 3. e5 c5 4. Nf3 e6 5. c3 Bd7 6. Be2 cxd4 7. cxd4 Nc6 8. 0-0 Be7 9. Nc3 h5 10. Be3 Nh6 11. Qd2 Rc8 12. Rac1 Kf8 13. Bd3 Kg8 14. h3 Qf8 15. Rfe1 g6 16. Bg5 Kg7 17. Ne2 Nf5 18. Bxf5 exf5 19. a3 Be6 20. Nf4 h4 21. Bf6+ Bxf6 22. exf6+ Kxf6 23. Nxe6 fxe6 24. Qg5+ Kg7 25. Rxe6 Qf7 26. Rcxc6 Rxc6 27. Re7 1-0

[Event "AUT-chT2M 2122"]
[Site "Austria"]
[Date "2021.10.01"]
[Round "1.2"]
[White "Mohr, Georg"]
[Black "Frosch, Ronald"]
[Result "1/2-1/2"]
[WhiteElo "2406"]
[BlackElo "2263"]
[PlyCount "39"]
[EventDate "2021.10.01"]
[EventType "team-tourn"]
[EventRounds "11"]
[EventCountry "AUT"]
[SourceTitle "CBM 204 Extra"]
[Source "ChessBase"]
[SourceDate "2021.11.30"]
[SourceVersion "1"]
[SourceVersionDate "2021.11.30"]
[SourceQuality "1"]
[WhiteTeam "Frauental"]
[BlackTeam "Gleisdorf"]
[WhiteTeamCountry "AUT"]
[BlackTeamCountry "AUT"]

1. e4 c6 2. Nc3 d5 3. Nf3 dxe4 4. Nxe4 Nf6 5. Nxf6+ exf6 6. Bc4 Bd6 7. 0-0 0-0 8. h3 Nd7 9. d4 Re8 10. c3 Nf8 11. Be3 Bf5 12. Re1 Qd7 13. a4 Ng6 14. Bf1 Bc7 15. Nd2 Re7 16. Qh5 Rae8 17. Nf3 Be4 18. Nd2 Bf5 19. Nf3 Be4 20. Nd2 1/2-1/2

[Event "AUT-ch Vor4 Internet"]
[Site "Playchess.com INT"]
[Date "2020.04.25"]
[Round "3"]
[White "Frank, Paul"]
[Black "Frosch, Ronald"]
[Result "0-1"]
[WhiteElo "2210"]
[BlackElo "2263"]
[PlyCount "104"]
[EventDate "2020.04.25"]
[EventType "swiss (blitz)"]
[EventRounds "9"]
[EventCountry "AUT"]
[SourceTitle "EXT 2021"]
[Source "ChessBase"]
[SourceDate "2020.10.23"]
[SourceVersion "1"]
[SourceVersionDate "2020.10.23"]
[SourceQuality "1"]

1. Nf3 d5 2. g3 Nf6 3. Bg2 e6 4. 0-0 Be7 5. d4 0-0 6. c4 b6 7. Ne5 Bb7 8. Nc3 Nbd7 9. Qa4 Qe8 10. Nxd7 Qxd7 11. Qxd7 Nxd7 12. cxd5 exd5 13. Bxd5 Bxd5 14. Nxd5 Bd6 15. Bf4 Bxf4 16. gxf4 c5 17. dxc5 Nxc5 18. Rfd1 Rfd8 19. b3 Kf8 20. f3 Rd7 21. Ne3 Re7 22. b4 Rxe3 23. bxc5 Rxe2 24. c6 Rc2 25. Rac1 Rxc1 26. Rxc1 Rc8 27. Rc3 Ke7 28. Ra3 Rc7 29. Kf2 Kd6 30. Ke3 Kxc6 31. Kd4 Kd6 32. f5 Ke7 33. f4 Kf6 34. Ke4 Re7+ 35. Kf3 Kxf5 36. Rb3 Rc7 37. Rb5+ Kf6 38. a4 Rc5 39. Rb4 Ke6 40. h4 Kd6 41. Re4 f5 42. Re8 Rc3+ 43. Kf2 Rc4 44. Kf3 Rxa4 45. Rg8 g6 46. Rg7 Ke6 47. Rxh7 Kf6 48. Rc7 Ra3+ 49. Kf2 b5 50. Rb7 a6 51. Rb6+ Kg7 52. Rb7+ Kh6 0-1

[Event "AUT-ch Vor4 Internet"]
[Site "Playchess.com INT"]
[Date "2020.04.25"]
[Round "8"]
[White "Frosch, Ronald"]
[Black "Kucharski, Michael"]
[Result "0-1"]
[WhiteElo "2263"]
[BlackElo "1927"]
[PlyCount "64"]
[EventDate "2020.04.25"]
[EventType "swiss (blitz)"]
[EventRounds "9"]
[EventCountry "AUT"]
[SourceTitle "EXT 2021"]
[Source "ChessBase"]
[SourceDate "2020.10.23"]
[SourceVersion "1"]
[SourceVersionDate "2020.10.23"]
[SourceQuality "1"]

1. d4 d5 2. Nf3 Nf6 3. c3 c5 4. e3 Nc6 5. Nbd2 cxd4 6. exd4 e6 7. Bd3 h6 8. 0-0 Bd6 9. Qe2 0-0 10. Ne5 Qc7 11. f4 b6 12. Rf3 Bb7 13. Rg3 Ne7 14. Ndf3 Nf5 15. Bxf5 exf5 16. Nh4 Bc8 17. Be3 Be6 18. Qc2 Ne4 19. Rh3 Bxe5 20. fxe5 g5 21. Nf3 Kg7 22. Nd2 f4 23. Nxe4 dxe4 24. Qxe4 Bxh3 25. gxh3 fxe3 26. Re1 Qe7 27. Rxe3 Rad8 28. Qf5 Qe6 29. Qg4 Qxg4+ 30. hxg4 Rfe8 31. Kf2 f6 32. e6 Rd6 0-1

[Event "AUT-ch Vor4 Internet"]
[Site "Playchess.com INT"]
[Date "2020.04.25"]
[Round "6"]
[White "Frosch, Ronald"]
[Black "Schroettner, Martin"]
[Result "0-1"]
[WhiteElo "2263"]
[BlackElo "1934"]
[PlyCount "52"]
[EventDate "2020.04.25"]
[EventType "swiss (blitz)"]
[EventRounds "9"]
[EventCountry "AUT"]
[SourceTitle "EXT 2021"]
[Source "ChessBase"]
[SourceDate "2020.10.23"]
[SourceVersion "1"]
[SourceVersionDate "2020.10.23"]
[SourceQuality "1"]

1. d4 c6 2. Nf3 d5 3. e3 Nf6 4. Bd3 Bg4 5. 0-0 Nbd7 6. Nbd2 e6 7. b3 Bd6 8. Bb2 0-0 9. c4 Re8 10. Qc2 Rc8 11. Ne5 Bh5 12. f4 Bg6 13. Nxg6 hxg6 14. c5 Bc7 15. Nf3 a5 16. Bc3 b6 17. Be1 bxc5 18. dxc5 e5 19. fxe5 Nxe5 20. Bh4 Ned7 21. Rae1 Qe7 22. Nd4 Bb8 23. Bxf6 gxf6 24. Bxg6 fxg6 25. Qxg6+ Qg7 26. Qxf6 Nxf6 0-1

[Event "AUT-ch Vor4 Internet"]
[Site "Playchess.com INT"]
[Date "2020.04.25"]
[Round "7"]
[White "Heinrici, Simon"]
[Black "Frosch, Ronald"]
[Result "1-0"]
[WhiteElo "2151"]
[BlackElo "2263"]
[PlyCount "69"]
[EventDate "2020.04.25"]
[EventType "swiss (blitz)"]
[EventRounds "9"]
[EventCountry "AUT"]
[SourceTitle "EXT 2021"]
[Source "ChessBase"]
[SourceDate "2020.10.23"]
[SourceVersion "1"]
[SourceVersionDate "2020.10.23"]
[SourceQuality "1"]

1. e4 c6 2. d4 d5 3. Nc3 dxe4 4. Nxe4 Bf5 5. Ng3 Bg6 6. h4 h6 7. h5 Bh7 8. Nf3 Nd7 9. Bd3 Bxd3 10. Qxd3 e6 11. Bf4 Qa5+ 12. Bd2 Bb4 13. c3 Be7 14. c4 Qc7 15. 0-0-0 Ngf6 16. Kb1 b5 17. c5 0-0 18. Ne4 Rfd8 19. Nxf6+ Nxf6 20. Qe2 Rd5 21. Ne5 Rxd4 22. f4 Rad8 23. Be3 Rxd1+ 24. Rxd1 Nd5 25. g4 Bf6 26. g5 hxg5 27. Ng4 gxf4 28. Nxf6+ Nxf6 29. Rxd8+ Qxd8 30. Bxf4 Qd5 31. Bb8 a6 32. Qf2 Qxh5 33. a3 Qd1+ 34. Ka2 Qd4 35. Qxd4 1-0

[Event "AUT-ch Vor4 Internet"]
[Site "Playchess.com INT"]
[Date "2020.04.25"]
[Round "9"]
[White "Hiermann, Dietmar"]
[Black "Frosch, Ronald"]
[Result "1-0"]
[WhiteElo "2250"]
[BlackElo "2263"]
[PlyCount "57"]
[EventDate "2020.04.25"]
[EventType "swiss (blitz)"]
[EventRounds "9"]
[EventCountry "AUT"]
[SourceTitle "EXT 2021"]
[Source "ChessBase"]
[SourceDate "2020.10.23"]
[SourceVersion "1"]
[SourceVersionDate "2020.10.23"]
[SourceQuality "1"]

1. e4 c6 2. d4 d5 3. exd5 cxd5 4. Bd3 Nf6 5. h3 Nc6 6. c3 g6 7. Bf4 Bg7 8. Nf3 0-0 9. 0-0 a6 10. Re1 Bf5 11. Bf1 b5 12. a3 Bxb1 13. Rxb1 Ne4 14. Nd2 Nxd2 15. Qxd2 Qd7 16. g4 Rae8 17. Bg2 f6 18. Bg3 Na5 19. Re2 Nc4 20. Qd3 Rd8 21. Rbe1 Rfe8 22. b3 Nb6 23. Re6 Qb7 24. f4 Nc8 25. f5 Kf7 26. Qe3 Nd6 27. Bxd6 exd6 28. Rxe8 Rxe8 29. Qxe8# 1-0

[Event "AUT-chT2M 1819"]
[Site "Austria"]
[Date "2019.01.19"]
[Round "7.3"]
[White "Frosch, Ronald"]
[Black "Enoeckl, Philipp"]
[Result "1/2-1/2"]
[WhiteElo "2290"]
[BlackElo "2301"]
[PlyCount "104"]
[EventDate "2018.10.19"]
[EventType "team-tourn"]
[EventRounds "11"]
[EventCountry "AUT"]
[SourceTitle "CBM 189 Extra"]
[Source "ChessBase"]
[SourceDate "2019.06.03"]
[SourceVersion "1"]
[SourceVersionDate "2019.06.03"]
[SourceQuality "1"]
[WhiteTeam "Gleisdorf"]
[BlackTeam "Steyregg"]
[WhiteTeamCountry "AUT"]
[BlackTeamCountry "AUT"]

1. d4 Nf6 2. Nf3 g6 3. e3 Bg7 4. Be2 0-0 5. 0-0 c5 6. c3 b6 7. Nbd2 Bb7 8. Re1 d6 9. Nf1 Nbd7 10. Ng3 a6 11. Bf1 d5 12. Qc2 Qc7 13. Bd2 Rfc8 14. Rad1 b5 15. Qb1 c4 16. Nh4 e6 17. f4 Bc6 18. Re2 a5 19. Be1 Rcb8 20. Nh1 b4 21. h3 Ne4 22. Nf2 Ng3 23. Ng4 Nxe2+ 24. Bxe2 Ba4 25. Rc1 f5 26. Ne5 Nxe5 27. dxe5 Qb6 28. Kf2 Bf8 29. Nf3 bxc3 30. Bxc3 Bb4 31. Bd4 Bc5 32. b3 Bxd4 33. Nxd4 Bd7 34. Qc2 cxb3 35. axb3 Rc8 36. Qd1 Rxc1 37. Qxc1 Rc8 38. Qg1 Qd8 39. g3 Rc3 40. h4 Qc7 41. g4 Rc1 42. Qg2 Qd8 43. Qg3 Kf8 44. Bb5 Bc8 45. Ba6 Kf7 46. Bxc8 Rxc8 47. h5 Qe7 48. Qh3 Rg8 49. h6 Rb8 50. gxf5 gxf5 51. Qh5+ Kf8 52. Nc6 Qe8 1/2-1/2

[Event "AUT-chT2M 1819"]
[Site "Austria"]
[Date "2018.10.21"]
[Round "3.2"]
[White "Frosch, Ronald"]
[Black "Cigan, Stefan"]
[Result "1-0"]
[WhiteElo "2294"]
[BlackElo "2336"]
[PlyCount "63"]
[EventDate "2018.10.19"]
[EventType "team-tourn"]
[EventRounds "11"]
[EventCountry "AUT"]
[SourceTitle "CBM 187 Extra"]
[Source "ChessBase"]
[SourceDate "2018.11.04"]
[SourceVersion "1"]
[SourceVersionDate "2018.11.04"]
[SourceQuality "1"]
[WhiteTeam "Gleisdorf"]
[BlackTeam "Frauental"]
[WhiteTeamCountry "AUT"]
[BlackTeamCountry "AUT"]

1. d4 Nf6 2. Nf3 g6 3. Nbd2 Bg7 4. e4 0-0 5. g3 d5 6. e5 Ne4 7. Bg2 c5 8. c3 Nc6 9. 0-0 cxd4 10. Nxe4 dxe4 11. Nxd4 Nxe5 12. Bxe4 Nc4 13. Qe2 Nd6 14. Bg2 e5 15. Nb5 Nf5 16. Rd1 Qe7 17. b3 Bd7 18. Nc7 Rad8 19. Nd5 Qc5 20. a4 Rfe8 21. b4 Qc8 22. Bg5 Be6 23. Bxd8 Qxd8 24. Qb5 Nd6 25. Qc5 b6 26. Qc7 Bxd5 27. Qxd8 Rxd8 28. Rxd5 Kf8 29. Rad1 Ke7 30. c4 f5 31. c5 bxc5 32. bxc5 1-0

[Event "AUT-ch"]
[Site "Graz"]
[Date "2017.08.19"]
[Round "8"]
[White "Schreiner, Peter"]
[Black "Frosch, Ronald"]
[Result "1-0"]
[WhiteElo "2484"]
[BlackElo "2266"]
[PlyCount "105"]
[EventDate "2017.08.12"]
[EventType "swiss"]
[EventRounds "9"]
[EventCountry "AUT"]
[SourceTitle "CBM 180 Extra"]
[Source "ChessBase"]
[SourceDate "2017.10.06"]
[SourceVersion "1"]
[SourceVersionDate "2017.10.06"]
[SourceQuality "1"]

1. d4 d5 2. c4 c6 3. Nf3 e6 4. Qc2 Nf6 5. g3 Bb4+ 6. Nbd2 Nbd7 7. Bg2 0-0 8. 0-0 b6 9. e4 Bb7 10. a3 Be7 11. e5 Ne8 12. cxd5 exd5 13. Re1 Nc7 14. Nf1 Ne6 15. Ne3 Re8 16. Nf5 Bf8 17. h4 c5 18. Ng5 Nxg5 19. Bxg5 Qb8 20. Bf4 Qd8 21. Rad1 cxd4 22. b4 a5 23. Qb3 axb4 24. axb4 b5 25. Nxd4 Ra4 26. e6 Nf6 27. Bh3 fxe6 28. Nxe6 Qb6 29. Be3 Qc6 30. Bc5 Bxc5 31. Nxc5 Raa8 32. Bg2 Rxe1+ 33. Rxe1 Qc7 34. Nxb7 Qxb7 35. Qd3 Rd8 36. Qd4 Qc7 37. Rd1 Qc4 38. g4 Rf8 39. g5 Ne4 40. Qxd5+ Qxd5 41. Rxd5 Nc3 42. Rc5 Ne2+ 43. Kf1 Nd4 44. Bd5+ Kh8 45. h5 g6 46. h6 Nc2 47. Rxb5 Nxb4 48. Rxb4 Rxf2+ 49. Kg1 Rf1+ 50. Kh2 Rb1 51. Ra4 Rb2+ 52. Kg3 Ra2 53. Ra8+ 1-0

[Event "AUT-ch"]
[Site "Graz"]
[Date "2017.08.18"]
[Round "7"]
[White "Frosch, Ronald"]
[Black "Kessler, Luca"]
[Result "1/2-1/2"]
[WhiteElo "2266"]
[BlackElo "2432"]
[PlyCount "184"]
[EventDate "2017.08.12"]
[EventType "swiss"]
[EventRounds "9"]
[EventCountry "AUT"]
[SourceTitle "CBM 180 Extra"]
[Source "ChessBase"]
[SourceDate "2017.10.06"]
[SourceVersion "1"]
[SourceVersionDate "2017.10.06"]
[SourceQuality "1"]

1. d4 g6 2. Nf3 Bg7 3. Bf4 Nf6 4. e3 0-0 5. h3 d6 6. Bd3 c5 7. c3 b6 8. 0-0 Bb7 9. Nbd2 cxd4 10. cxd4 Nc6 11. Qe2 Re8 12. Rfd1 e5 13. dxe5 dxe5 14. Bh2 Qe7 15. Bc4 h6 16. Bb5 e4 17. Bxc6 Bxc6 18. Nd4 Bb7 19. Rac1 Rac8 20. Qb5 Red8 21. Rxc8 Rxc8 22. Nc4 a6 23. Qe5 Qb4 24. Nd6 Qd2 25. Rf1 Rc1 26. g4 Bd5 27. Ne8 Rxf1+ 28. Kxf1 Bc4+ 29. Kg2 Nxe8 30. Qxe8+ Kh7 31. b3 Bd5 32. Be5 Bxe5 33. Qxe5 Qa5 34. Ne2 Qc5 35. Nc3 Bc6 36. Qf6 Kg8 37. Ne2 Bb5 38. Nd4 Bd3 39. Qd8+ Kg7 40. Qb8 a5 41. Qf4 Qg5 42. Qc7 Qf6 43. Qg3 g5 44. Qb8 h5 45. gxh5 Kh6 46. Qg8 Ba6 47. a3 Bd3 48. b4 axb4 49. axb4 b5 50. h4 gxh4 51. Qg4 Kh7 52. Nf5 Be2 53. Qxe4 Qg5+ 54. Kh2 Bxh5 55. Nxh4+ Bg6 56. Nf3 Qh6+ 57. Qh4 Qxh4+ 58. Nxh4 Bc2 59. Kg3 Kg7 60. Kf4 Kf6 61. Nf3 Bd3 62. Nd4 Bc4 63. Ke4 Ke7 64. Nc2 Ke6 65. Kd4 Kd6 66. Na3 Bf1 67. Nb1 f5 68. Nd2 Be2 69. Nb3 Bc4 70. Nc5 Ba2 71. Nd3 Be6 72. Nf4 Bd7 73. Nd5 Be6 74. Nc3 Bc4 75. f4 Bf1 76. e4 fxe4 77. Nxe4+ Ke7 78. Ke5 Kf7 79. Nd6+ Ke7 80. f5 Be2 81. f6+ Kf8 82. Ke6 Bg4+ 83. Nf5 Bh3 84. Ke5 Bf1 85. Nd6 Be2 86. Kf4 Bf1 87. Ke5 Be2 88. Kd4 Bf1 89. Kc5 Kg8 90. Nxb5 Kf7 91. Nd6+ Kxf6 92. Nc4 Ke7 1/2-1/2